000 00633nam a2200241Ia 4500
008 160319s9999 xx 000 0 und d
020 _a9716300018 (pbk.)
050 _a920
050 _bOr65e 1992
100 _aOrdonez, Elmer
245 _aEmilio Aguinaldo /
245 _cElmer A. OrdoÞez.
260 _aManila :
260 _bTahanan Books for Young Readers
260 _c1992
300 _a31 p. :
300 _bill. ;
300 _c26 cm.
440 _aGreat lives ; [v.1]
650 _aAguinaldo, Emilio, 1869-1964.
650 _aHeroes -- Philippines -- Biography --
650 _aJuvenile literature.
999 _c292232
_d292232